[Event "72nd MNE-ch 2020"]
[Site "Podgorica"]
[Date "2020.09.17"]
[Round "9.12"]
[White "Milovic, Aleksandra"]
[Black "Vuckovic, Marko"]
[Result "1-0"]
[WhiteElo "2198"]
[BlackElo "2077"]
[Annotator "RC"]
[PlyCount "21"]
[EventDate "2020.09.11"]
[EventType "swiss"]
[EventCountry "MNE"]
[SourceTitle "playchess.com"]
[Source "ChessBase"]
[SourceQuality "1"]
[TimeControl "5400+30"]

1. d4 {[%emt 0:15:52]} Nf6 {[%emt 0:00:00]} 2. Bg5 {[%emt 0:00:18]} e6 {[%emt 0:00:00]} 3. Nc3 {[%emt 0:00:43]} c5 {[%emt 0:00:06]} 4. Nf3 {[%emt 0:00:18]} Qb6 {[%emt 0:01:33]} 5. Bxf6 {[%emt 0:07:10]} gxf6 {[%emt 0:00:35]} 6. e3 {[%emt 0:01:39]} Qxb2 {[%emt 0:05:13]} 7. Nb5 {[%emt 0:18:14]} Na6 {[%emt 0:01:18]} 8. a3 {[%emt 0:16:03]} d5 {[%emt 0:05:11]} 9. Rb1 {[%emt 0:03:59]} Qa2 {[%emt 0:00:04]} 10. Qc1 {[%emt 0:02:25]} cxd4 {[%emt 0:03:11]} 11. Ra1 {[%emt 0:00:49]} 1-0